000 00304nam a22001337a 4500
008 170713b xxu||||| |||| 00| 0 eng d
020 _a136008828
041 _aeng
080 _a101
100 _a24
101 _aFIL
245 _aMORALITY AND RATIONAL SELF-INTEREST
_cGAUTHIER, D.P
942 _2udc
_cBK
999 _c20642
_d20642